00417cam a2200157ua 45000010005000000080039000050400009000440820008000531000036000612450047000972500009001442600039001533000017001926530015002096530035002243001110921n ii |||gr||||Z||||||asm cMAIN a9201 aBezbarua, Lakshminath,eAuthor.11aMor Jivan Sowarancby Lakshminath Bezbaroa a2nd. aGuahati:bAssam Sahitya sabha,966. a163p:c23cm. aBiography  aBiography of Mor Jivan Sowaran